000 00918nam a2200253Ia 4500
003 OSt
005 20220923222220.0
006 a|||||r|||| 00| 0
007 ta
008 220922b |||||||| |||| 00| 0 hin d
024 _a203,776
037 _cTextual
040 _aARTS
_cARTS
_bhin
041 _2hin
_ahin
082 _aO158,6M20w, 152M9
100 _aबैनर्जी, हिरण्मय; वर्मा, शुभा, अनु.
_9166347
245 0 _aईश्वरचंद्र विद्यासागर
246 _aĪshvarachandra vidyāsāgara
250 _aसंस्क 3
260 _aनई दिल्ली
_b साहित्य अकादमी
_c1989
300 _a80पृ.
_ccm.
942 _hO158,6M20w, 152M9
_cTEXL
_2CC
999 _c354526
_d354526